Evaluación de OFDM-OQAM en el sensado del espectro de un canal con desvanecimiento para un área urbana (Registro nro. 683085)
[ vista simple ]
| 000 -CABECERA | |
|---|---|
| campo de control de longitud fija | 02142nam a2200265uu 4500 |
| 001 - NÚMERO DE CONTROL | |
| campo de control | 1381991 |
| 005 - FECHA Y HORA DE LA ÚLTIMA TRANSACCIÓN | |
| campo de control | 20260508084955.0 |
| 007 - CAMPO FIJO DE DESCRIPCIÓN FÍSICA--INFORMACIÓN GENERAL | |
| campo de control de longitud fija | cr||||||| |
| 008 - DATOS DE LONGITUD FIJA--INFORMACIÓN GENERAL | |
| campo de control de longitud fija | 140815s2014 spa |
| 035 ## - NÚMERO DE CONTROL DEL SISTEMA | |
| Número de control de sistema | 1381991 |
| 040 ## - FUENTE DE LA CATALOGACIÓN | |
| Centro/agencia transcriptor | comduadb |
| 041 ## - CÓDIGO DE LENGUA | |
| Código de lengua del texto/banda sonora o título independiente | spa |
| 080 ## - NÚMERO DE LA CLASIFICACIÓN DECIMAL UNIVERSAL | |
| Número de la Clasificación Decimal Universal | MIE |
| 100 10 - ENTRADA PRINCIPAL--NOMBRE DE PERSONA | |
| Nombre de persona | Mendoza Cárdenas, Carlos Henrry |
| Código de función | aut |
| Término indicativo de función/relación | Autor/a |
| 9 (RLIN) | 585763 |
| 245 10 - TÍTULO PROPIAMENTE DICHO | |
| Título propiamente dicho | Evaluación de OFDM-OQAM en el sensado del espectro de un canal con desvanecimiento para un área urbana |
| 260 ## - PUBLICACIÓN, DISTRIBUCIÓN, ETC. | |
| Lugar de publicación, distribución, etc. | Medellín : |
| Nombre del editor, distribuidor, etc. | [sin publicador], |
| Fecha de publicación, distribución, etc. | 2014. |
| 300 ## - DESCRIPCIÓN FÍSICA | |
| Extensión | 50 páginas |
| 520 3# - SUMARIO, ETC. | |
| Nota de Sumario, etc. | En esta tesis se evalúa OFDM -OQUAM como técnica de sensado del espectro, utilizando como criterio de desempeño la probabilidad de no detección en función de la relación señal a ruido, con la probabilidad de falsa alarma y el tiempo de sensado como parámetros. La evaluación se realiza en dos escenarios distintos. En el primer escenario se utilizan señales de televisión digital capturadas en campo, con el efecto multitrayectoria implícito, y se compara el desempeño de OFDM -OQAM con el del periodograma. En el segundo escenario se utilizan señales generadas por computador, se simula un canal con desvanecimiento Rayleigh, y se compara el desempeño de OFDM -OQAM en ese canal frente a un canal AWGN. Para el primer escenario se encuentra que OFDM -OQAM tiene un desempeño superior al periodograma y para el segundo escenario no se encuentran diferencias significativas en el desempeño del sistema bajo los dos modelos de canal. Los resultados que arroja este estudio demuestran que OFDM -OQAM tiene potencial en sistemas de senado a dos etapas donde la primera etapa es el detector de energía y en esquemas donde la estimulación de la densidad espectral de potencia de la señal de entrada es un paso necesario. |
| 500 ## - NOTA GENERAL | |
| Nota general | Tesis (Maestría en Ingeniería con énfasis en Eléctrica) Universidad de Antioquia. Facultad de Ingeniería - Título de la tesis |
| 650 ## - PUNTO DE ACCESO ADICIONAL DE MATERIA--TÉRMINO DE MATERIA | |
| Término de materia o nombre geográfico como elemento de entrada | Bancos de filtros |
| 9 (RLIN) | 17432 |
| 650 ## - PUNTO DE ACCESO ADICIONAL DE MATERIA--TÉRMINO DE MATERIA | |
| Término de materia o nombre geográfico como elemento de entrada | Espectros |
| 9 (RLIN) | 68649 |
| 650 ## - PUNTO DE ACCESO ADICIONAL DE MATERIA--TÉRMINO DE MATERIA | |
| Término de materia o nombre geográfico como elemento de entrada | Relación señal a ruido |
| 9 (RLIN) | 111067 |
| 700 10 - ENTRADA AGREGADA--NOMBRE PERSONAL | |
| Nombre de persona | Gaviria Gómez, Natalia |
| Código de función | ths |
| Término indicativo de función/relación | Asesor/a de tesis |
| 9 (RLIN) | 271616 |
| 942 ## - ELEMENTOS DE ENTRADA AGREGADA (KOHA) | |
| Tipo de ítem Koha | Tesis |
| Estado de retiro | Estado de pérdida | Estado dañado | No para préstamo | Código de colección | Localización permanente | Ubicación/localización actual | Fecha de adquisición | Número de inventario | Total de préstamos | Signatura topográfica completa | Fecha visto por última vez | Número de copia | Precio válido a partir de | Tipo de ítem Koha | Nota pública |
|---|---|---|---|---|---|---|---|---|---|---|---|---|---|---|---|
| Colección de Tesis Electrónicas | Centro Documentación Ingeniería (Bl. 20-146) | Centro Documentación Ingeniería (Bl. 20-146) | 15/08/2014 | C1210155 | MIE 09127 | 02/05/2023 | 1 | 02/05/2023 | Internet | Acceso restringido. |